000 00245pam a2200145 a 4500
020 _c
041 _h
100 _aM.S.Mani
245 _aInsects
250 _aIst
260 _c1971
300 _a162
653 _aZoology
930 _a917
999 _c246770
_d246770